00301nam a2200109Ia 4500008004100000041000800041100001700049245004600066260005300112365000700165999001900172231011s9999 xx 000 0 und d aeng aSrinath L.S. aPert and CPM. Principles and Applications bAffiliated East West Press Prt. Ltd.New Delhi - b26 c883082d883082